000 00457nam a2200157 i 4500
001 76071
003 ES-MaACL
005 20230906172717.0
007 t|
008 040929s1962 sp ||||1| spa d
100 1 _aGuerra, Pancho (
_d1909-1961)
_960521
245 1 0 _aSiete entremeses de Pepe Monagas /
_cPancho Guerra.
260 _aMadrid :
_bAsociación Peña Pancho Guerra,
_c1962.
300 _a226 p. ;
_c18 cm.
852 _aES-MaACL
_jC-22113
_bR.50782
999 _c76071
_d76071